000 00693nam a2200217 a 4500
005 20221111063513.0
008 030918s2000 mx r 000 0 spa d
020 _a9688604380
035 _aUPN01000128910
049 _aCG
050 4 _aBF408
_bF4.3 2000
100 1 _aFernández Ortega, Juan Antonio
245 1 0 _aCreatividad para resolver problemas :
_bprincipios y técnicas /
_cJuan Antonio Fernández Ortega, Mauro Rodríguez Estrada.
250 _a2a ed.
260 _aMéxico :
_bPax-México,
_cc2000.
300 _a207 p.
650 2 _aSolución de problemas
_92522
650 2 _aCreatividad
_95008
700 1 _aRodríguez Estrada, Mauro,
_d1930-2007
_ecoaut.
905 _aLibro
999 _c101083
_d101083